000
00281nam a2200121Ia 4500
008
190216s9999||||xx |||||||||||||| ||und||
100
_a
Allama Shibli Nu`Mani
245
0
_a
"Surat-Un-Nabi Vol 1,2"
260
_b
Islamic Book Service
300
_a
260
650
_a
Arabic
942
_c
BK
999
_c
763
_d
763